| 000 | 00361nam a22000977a 4500 | ||
|---|---|---|---|
| 999 |
_c6702 _d6702 |
||
| 008 | 200324b ||||| |||| 00| 0 eng d | ||
| 245 |
_aFinancial Statement and Revenue Estimates: _bFor the Year from 1st July, 2009 to 30th June, 2010/ _cThe United Republic of Tanzania.- _hEnglish. |
||
| 300 |
_axi, 184p; _c30cm.- |
||
| 650 | _2FINANCIAL STATEMENT | ||
| 942 |
_2ddc _cBOOKS |
||